| 000 | 00733nam a22002417a 4500 | ||
|---|---|---|---|
| 005 | 20260404092145.0 | ||
| 008 | 260404b |||||||| |||| 00| 0 eng d | ||
| 020 | _a9789364444323 | ||
| 040 | _cAL | ||
| 041 | _aEnglish | ||
| 082 |
_a621.402 _bNAGE |
||
| 100 |
_aP K Nag _9260143 |
||
| 245 | _aEngineering thermodynamics | ||
| 250 | _a7. | ||
| 260 |
_aChennai _bMcGraw Hill Education (India) Private Limited _c2026 |
||
| 300 |
_axxvii, 985p. _bPB _c22.5x15cm. |
||
| 365 |
_aVBI-2645 _b₹712.50 _c₹ _d₹950.00 _e25% _f20-02-2026 _g25% _h20-02-2026 |
||
| 650 |
_aThermal Engineering _9260144 |
||
| 650 |
_aMechanical Engineering _9260145 |
||
| 650 |
_aEnergy Systems _9260146 |
||
| 700 |
_aDE,Sudipta _9260147 |
||
| 942 |
_2ddc _cBK |
||
| 999 |
_c241120 _d241120 |
||